Гидроразрыв пласта в вертикальных и горизонтальных скважинах: учебное пособие

Bibliographische Detailangaben
Weitere Verfasser: Гилаев Г. Г. Гани Гайсинович, Ольховская В. А. Валерия Александровна, Гилаев Г. Г. Геннадий Ганиевич, Хафизов В. М. Вадим Мирхатимович
Zusammenfassung:Рассмотрены основные принципы стимулирования притока нефти к вертикальным и горизонтальным скважинам путём проведения в них гидравлического разрыва пласта (ГРП). Охарактеризованы стандартные технологические операции проппантного ГРП в вертикальных скважинах, механизмы развития трещины и факторы, определяющие её геометрию и проводимость. Обобщены сведения о пространственном профилировании, вариантах увеличения производительности и способах заканчивания горизонтальных скважин в комбинации с многостадийным ГРП. Уделено внимание вопросам геомеханического и гидродинамического моделирования ГРП. Приведены теоретические зависимости, позволяющие прогнозировать технологический эффект и оптимизировать процесс ГРП. Сформулированы критерии предварительного выбора скважин вертикального профиля для проведения ГРП. Дан обзор специализированного оборудования, жидкостей разрыва и проппантных наполнителей. Освещены достижения в области мониторинга множественных трещин ГРП. Для закрепления материала в конце каждого раздела имеются контрольные вопросы. Издание предназначено для студентов высших учебных заведений, обучающихся по направлению 21.03.01 "Нефтегазовое дело", а также магистрантов и специалистов нефтегазовой отрасли промышленности.
Sprache:Russisch
Veröffentlicht: Москва, Институт компьютерных исследований, 2020
Schlagworte:
Format: Buch
KOHA link:https://koha.lib.tpu.ru/cgi-bin/koha/opac-detail.pl?biblionumber=347350

MARC

LEADER 00000nam0a2200000 4500
001 347350
005 20231102010004.0
010 |a 9785434480905 
035 |a (RuTPU)RU\TPU\book\379240 
090 |a 347350 
100 |a 20220324d2020 m y0rusy50 ca 
101 0 |a rus 
102 |a RU 
105 |a a j 001zy 
200 1 |a Гидроразрыв пласта в вертикальных и горизонтальных скважинах  |e учебное пособие  |f Г. Г. Гилаев, В. А. Ольховская, Г. Г. Гилаев, В. М. Хафизов 
210 |a Москва  |a Ижевск  |c Институт компьютерных исследований  |d 2020 
215 |a 304 с.  |c ил. 
320 |a Библиогр.: с. 298-303 
330 |a Рассмотрены основные принципы стимулирования притока нефти к вертикальным и горизонтальным скважинам путём проведения в них гидравлического разрыва пласта (ГРП). Охарактеризованы стандартные технологические операции проппантного ГРП в вертикальных скважинах, механизмы развития трещины и факторы, определяющие её геометрию и проводимость. Обобщены сведения о пространственном профилировании, вариантах увеличения производительности и способах заканчивания горизонтальных скважин в комбинации с многостадийным ГРП. Уделено внимание вопросам геомеханического и гидродинамического моделирования ГРП. Приведены теоретические зависимости, позволяющие прогнозировать технологический эффект и оптимизировать процесс ГРП. Сформулированы критерии предварительного выбора скважин вертикального профиля для проведения ГРП. Дан обзор специализированного оборудования, жидкостей разрыва и проппантных наполнителей. Освещены достижения в области мониторинга множественных трещин ГРП. Для закрепления материала в конце каждого раздела имеются контрольные вопросы. Издание предназначено для студентов высших учебных заведений, обучающихся по направлению 21.03.01 "Нефтегазовое дело", а также магистрантов и специалистов нефтегазовой отрасли промышленности. 
606 1 |a Нефтяные пласты  |x Гидравлический разрыв  |x Эффективность  |2 stltpush  |3 (RuTPU)RU\TPU\subj\45978  |9 65167 
610 1 |a вертикальные скважины 
610 1 |a нефтяные месторождения 
610 1 |a разработка 
610 1 |a горизонтальные скважины 
610 1 |a многостадийный гидроразрыв 
610 1 |a учебные пособия 
675 |a 622.276.66(075.8)  |v 4 
701 1 |a Гилаев  |b Г. Г.  |g Гани Гайсинович 
701 1 |a Ольховская  |b В. А.  |g Валерия Александровна 
701 1 |a Гилаев  |b Г. Г.  |g Геннадий Ганиевич 
701 1 |a Хафизов  |b В. М.  |g Вадим Мирхатимович 
801 1 |a RU  |b 63413507  |c 20220324 
801 2 |a RU  |b 63413507  |c 20220415  |g RCR 
942 |c BK 
959 |a 3/20220324  |d 3  |e 970,00  |f ЧЗТЛ:1  |f УФ:2